<?xml version="1.0" encoding="UTF-8"?>
<record
    xmlns:xsi="http://www.w3.org/2001/XMLSchema-instance"
    xsi:schemaLocation="http://www.loc.gov/MARC21/slim http://www.loc.gov/standards/marcxml/schema/MARC21slim.xsd"
    xmlns="http://www.loc.gov/MARC21/slim">

  <leader>02303nta a2200337 a 4500</leader>
  <controlfield tag="001">000003877</controlfield>
  <controlfield tag="003">DO-SdBNP</controlfield>
  <controlfield tag="005">20250910095038.0</controlfield>
  <controlfield tag="008">090714s1975    dr a    r     001 0 spa d</controlfield>
  <datafield tag="040" ind1=" " ind2=" ">
    <subfield code="a">DO-SdBNP</subfield>
    <subfield code="b">spa</subfield>
    <subfield code="c">BNPHU</subfield>
  </datafield>
  <datafield tag="082" ind1=" " ind2=" ">
    <subfield code="a">305.42</subfield>
    <subfield code="b">C568e</subfield>
  </datafield>
  <datafield tag="111" ind1="2" ind2=" ">
    <subfield code="a">Ciclo de charlas con motivo del A&#xF1;o Internacional de la Mujer (</subfield>
    <subfield code="d">1975 :</subfield>
    <subfield code="c">Santo Domingo)</subfield>
    <subfield code="9">11702</subfield>
  </datafield>
  <datafield tag="245" ind1="1" ind2="4">
    <subfield code="a">Una evaluaci&#xF3;n de la situaci&#xF3;n de la mujer dominicana.</subfield>
  </datafield>
  <datafield tag="260" ind1=" " ind2=" ">
    <subfield code="a">Santo Domingo :</subfield>
    <subfield code="b">BNPHU,</subfield>
    <subfield code="c">1975.</subfield>
  </datafield>
  <datafield tag="300" ind1=" " ind2=" ">
    <subfield code="a">184 h. con numeraci&#xF3;n repetida :</subfield>
    <subfield code="b">il. ;</subfield>
    <subfield code="c">28 cm.</subfield>
  </datafield>
  <datafield tag="500" ind1=" " ind2=" ">
    <subfield code="a">"Programa de las Naciones Unidas para el Desarrollo, reproducci&#xF3;n de los trabajos presentados en el ciclo de charlas celebrado en cooperaci&#xF3;n con la Biblioteca Nacional con motivo del A&#xF1;o Internacional de la Mujer, 18-22 de agosto de 1975."-- Portada.</subfield>
  </datafield>
  <datafield tag="500" ind1=" " ind2=" ">
    <subfield code="a">Textos mecanografiados.</subfield>
  </datafield>
  <datafield tag="500" ind1=" " ind2=" ">
    <subfield code="a">Incluye tabla de contenido.</subfield>
  </datafield>
  <datafield tag="500" ind1=" " ind2=" ">
    <subfield code="a">Incluye datos biogr&#xE1;ficos de las conferencistas.</subfield>
  </datafield>
  <datafield tag="504" ind1=" " ind2=" ">
    <subfield code="a">Bibliograf&#xED;a : p. 15 y 27</subfield>
  </datafield>
  <datafield tag="505" ind1="0" ind2=" ">
    <subfield code="a">Integraci&#xF3;n de la mujer dominicana en los procesos sociales / Ana Silvia Reynoso de Abud -- Aspectos jur&#xED;dico-pol&#xED;tico de la mujer dominicana / Margarita Tavares -- La mujer y su participaci&#xF3;n en el proceso cultural / Jeannette Miller -- La mujer y los medios de comunicaci&#xF3;n / Norma Santana -- La mujer en el aspecto educactivo -- La mujer y la educaci&#xF3;n ambiental en Rep&#xFA;blica Dominicana / Ivelisse Prats-Ram&#xED;rez de Perez -- Educaci&#xF3;n p&#xFA;blica / Zoraida Heredia Vda. Suncar / Educaci&#xF3;n privada / Jacqueline Malag&#xF3;n de Jes&#xFA;s -- La mujer en el proceso productivo -- La mujer en el aspecto laboral / Isis Duarte -- La mujer rural / Amparo Vittini -- Visi&#xF3;n y evaluaci&#xF3;n objetiva de los eventos de M&#xE9;xico / Marta Olga Garc&#xED;a.</subfield>
  </datafield>
  <datafield tag="650" ind1=" " ind2="4">
    <subfield code="a">Mujeres</subfield>
    <subfield code="x">Condiciones sociales</subfield>
    <subfield code="v">Congresos, conferencias, etc.</subfield>
    <subfield code="9">11703</subfield>
  </datafield>
  <datafield tag="650" ind1=" " ind2="4">
    <subfield code="a">Mujeres</subfield>
    <subfield code="x">Cuestiones sociales y morales</subfield>
    <subfield code="9">11704</subfield>
  </datafield>
  <datafield tag="650" ind1=" " ind2="4">
    <subfield code="a">Mujeres en los medios de comunicaci&#xF3;n de masas</subfield>
    <subfield code="9">11705</subfield>
  </datafield>
  <datafield tag="650" ind1=" " ind2="4">
    <subfield code="a">Mujeres</subfield>
    <subfield code="x">Situaci&#xF3;n legal</subfield>
    <subfield code="9">11706</subfield>
  </datafield>
  <datafield tag="650" ind1=" " ind2="4">
    <subfield code="a">A&#xF1;o internacional de la mujer, 1975</subfield>
    <subfield code="9">11707</subfield>
  </datafield>
  <datafield tag="710" ind1="2" ind2=" ">
    <subfield code="a">Programa de las Naciones Unidas para el Desarrollo</subfield>
    <subfield code="9">187</subfield>
  </datafield>
  <datafield tag="710" ind1="2" ind2=" ">
    <subfield code="a">Biblioteca Nacional (Rep&#xFA;blica Dominicana)</subfield>
    <subfield code="9">11708</subfield>
  </datafield>
  <datafield tag="910" ind1=" " ind2=" ">
    <subfield code="a">Validado. Control de calidad. MFF</subfield>
  </datafield>
  <datafield tag="942" ind1=" " ind2=" ">
    <subfield code="2">ddc</subfield>
    <subfield code="c">LBS1</subfield>
  </datafield>
  <datafield tag="952" ind1=" " ind2=" ">
    <subfield code="0">0</subfield>
    <subfield code="1">0</subfield>
    <subfield code="7">1</subfield>
    <subfield code="8">PD</subfield>
    <subfield code="a">PD</subfield>
    <subfield code="b">PD</subfield>
    <subfield code="c">HD</subfield>
    <subfield code="d">2009-07-14</subfield>
    <subfield code="i">LF1</subfield>
    <subfield code="l">0</subfield>
    <subfield code="o">305.42 C568e</subfield>
    <subfield code="p">3877-10</subfield>
    <subfield code="r">2020-06-25</subfield>
    <subfield code="w">2020-06-25</subfield>
    <subfield code="y">LFPD</subfield>
    <subfield code="Z">No se presta</subfield>
  </datafield>
  <datafield tag="999" ind1=" " ind2=" ">
    <subfield code="c">3699</subfield>
    <subfield code="d">3699</subfield>
  </datafield>
</record>
